Southville International School and Colleges
Your cart is empty.
  • Cart
  • Lists
    Public lists Eva Luna New books Lux_list list_1
    Your lists Log in to create your own lists
  • Log in to your account
  • Your cookies
  • Search history
Southville International School and Colleges
  • Advanced search
  • Recent comments
  • Most popular
  • Libraries

Log in to your account

Log in with GOOGLE


If you do not have an external account, but do have a local account, you can still log in:

  1. Home
  2. MARC view: Bali & Lombok.
Normal view MARC view ISBD view

Bali & Lombok. (Record no. 288496)

[ view plain ]
MARC details
000 -LEADER
fixed length control field 01240cas a2200361 a 4500
001 - CONTROL NUMBER
control field 17845973
003 - CONTROL NUMBER IDENTIFIER
control field PILC
005 - DATE AND TIME OF LATEST TRANSACTION
control field 20150826090515.0
008 - FIXED-LENGTH DATA ELEMENTS--GENERAL INFORMATION
fixed length control field 130809c20059999at gr 0 a0eng c
010 ## - LIBRARY OF CONGRESS CONTROL NUMBER
LC control number 2009260064
035 ## - SYSTEM CONTROL NUMBER
System control number (OCoLC)ocm58834110
040 ## - CATALOGING SOURCE
Original cataloging agency WMa
Language of cataloging eng
Transcribing agency WMa
Modifying agency OCoLC
-- IdB
-- OrU
-- MH
-- OCLCO
-- DLC
042 ## - AUTHENTICATION CODE
Authentication code pcc
043 ## - GEOGRAPHIC AREA CODE
Geographic area code a-io---
050 00 - LIBRARY OF CONGRESS CALL NUMBER
Classification number DS 647.B2
Item number .B294 2001
082 04 - DEWEY DECIMAL CLASSIFICATION NUMBER
Classification number 915.98604
130 0# - MAIN ENTRY--UNIFORM TITLE
Uniform title Bali & Lombok (Footscray, Vic.)
245 10 - TITLE STATEMENT
Title Bali & Lombok.
246 13 - VARYING FORM OF TITLE
Title proper/short title Bali and Lombok
246 13 - VARYING FORM OF TITLE
Title proper/short title Lonely Planet Bali & Lombok
260 ## - PUBLICATION, DISTRIBUTION, ETC. (IMPRINT)
Place of publication, distribution, etc Footscray, Vic. :
Name of publisher, distributor, etc Lonely Planet Publications,
Date of publication, distribution, etc 2001.
300 ## - PHYSICAL DESCRIPTION
Extent 464pages :
Other physical details color illustrations, color maps ;
Dimensions 20 cm.
310 ## - CURRENT PUBLICATION FREQUENCY
Current publication frequency Biennial
362 1# - DATES OF PUBLICATION AND/OR SEQUENTIAL DESIGNATION
Dates of publication and/or sequential designation Began with 10th ed., published in 2005.
500 ## - GENERAL NOTE
General note Includes index.
651 #0 - SUBJECT ADDED ENTRY--GEOGRAPHIC NAME
Geographic name Bali Island (Indonesia)
Form subdivision Guidebooks.
651 #0 - SUBJECT ADDED ENTRY--GEOGRAPHIC NAME
Geographic name Lombok (Indonesia)
Form subdivision Guidebooks.
710 2# - ADDED ENTRY--CORPORATE NAME
Corporate name or jurisdiction name as entry element Lonely Planet Publications (Firm)
780 00 - PRECEDING ENTRY
Title Bali (Footscray, Vic.)
Record control number (DLC) 2009260063
-- (OCoLC)51820424
906 ## - LOCAL DATA ELEMENT F, LDF (RLIN)
a 7
b cbc
c sercoop
d 2
e ncip
f 20
g n-oclcserc
942 ## - ADDED ENTRY ELEMENTS (KOHA)
Source of classification or shelving scheme Library of Congress Classification
Koha item type Books
Holdings
Withdrawn status Lost status Source of classification or shelving scheme Damaged status Home library Current library Shelving location Date acquired Source of acquisition Sub Shelving location Total Checkouts Full call number Barcode Date last seen Date checked out Price effective from Koha item type
    Library of Congress Classification   College Library College Library Reference Section 08/26/2015 Donation   1 DS 647.B2 .B294 2001 C19795 11/13/2024 11/08/2024 08/26/2015 Books

Bali & Lombok.

APA

Lonely Planet Publications (Firm), . (2001). Bali & Lombok. Footscray, Vic: Lonely Planet Publications.

Chicago

Lonely Planet Publications (Firm), . 2001. Bali & Lombok. Footscray, Vic: Lonely Planet Publications.

Harvard

Lonely Planet Publications (Firm), . (2001). Bali & Lombok. Footscray, Vic: Lonely Planet Publications.

MLA

Lonely Planet Publications (Firm), . Bali & Lombok. Footscray, Vic: Lonely Planet Publications. 2001.

  • Place hold
  • Print
  • Cite
  • Add to your cart (remove)
  • Save record
    BIBTEX Dublin Core MARCXML MARC (non-Unicode/MARC-8) MARC (Unicode/UTF-8) MARC (Unicode/UTF-8, Standard) MODS (XML) RIS
  • More searches
    Search for this title in:
    Other Libraries (WorldCat) Other Databases (Google Scholar) Online Stores (Bookfinder.com) Open Library (openlibrary.org)

Exporting to Dublin Core...

SOUTHVILLE LIBRARY

Southville International School and Colleges Library

1281 Tropical Ave. Cor. Luxembourg St., BF Homes International, Las Pinas City

Tel. No. 8256374 / 252358 Loc. 117/146

Powered by Koha